[Event "IECC CL3-2006.13 email"]
[Site "IECC email"]
[Date "2006.10.05"]
[Round "?"]
[White "Van den Cruyce, Els"]
[Black "Orosz, Adam"]
[Result "1-0"]
[WhiteElo "1919"]
[BlackElo "1664"]
[PlyCount "81"]
[EventDate "2006.??.??"]
[EventType "tourn (corr)"]
[EventRounds "4"]
[SourceTitle "Corr 2008"]
[Source "ChessBase"]
[SourceDate "2008.06.24"]
[SourceVersion "1"]
[SourceVersionDate "2008.06.24"]
[SourceQuality "1"]

1. d4 Nf6 2. Nf3 g6 3. g3 d5 4. Bg2 Bg7 5. 0-0 0-0 6. c4 dxc4 7. Na3 Nc6 8. Nxc4 Be6 9. b3 Bd5 10. Bb2 a5 11. Rc1 a4 12. bxa4 Ra6 13. Ne3 Be4 14. Ne5 Bxg2 15. Nxg2 Nxe5 16. dxe5 Nd7 17. f4 Qc8 18. Ne3 Re8 19. Qb3 Rb6 20. Qa3 Ra6 21. Nd5 c5 22. Qb3 e6 23. Ne3 Qc6 24. Rfd1 b6 25. Rd6 Qc7 26. Qb5 Ra7 27. Rcd1 Rd8 28. Nc4 Bf8 29. R6d3 Be7 30. Bc3 Nf8 31. Rxd8 Bxd8 32. e4 Qe7 33. Nd6 Qd7 34. Rd2 Qxb5 35. axb5 Ra3 36. Ba1 h6 37. Kf2 g5 38. Kf1 Ra4 39. Bc3 Ng6 40. Nc8 Bc7 41. Rd7 1-0

[Event "IECC CL5-2006.07 email"]
[Site "IECC email"]
[Date "2006.04.27"]
[Round "?"]
[White "Cuomo, Salvatore"]
[Black "Orosz, Adam"]
[Result "0-1"]
[WhiteElo "1443"]
[BlackElo "1555"]
[PlyCount "25"]
[EventDate "2006.??.??"]
[EventType "tourn (corr)"]
[EventRounds "4"]
[SourceTitle "Corr 2015"]
[Source "ChessBase"]
[SourceDate "2015.07.17"]
[SourceVersion "1"]
[SourceVersionDate "2015.07.17"]
[SourceQuality "1"]

1. d4 Nf6 2. c4 g6 3. Nc3 d5 4. Nf3 Bg7 5. Qb3 dxc4 6. Qxc4 0-0 7. e4 a6 8. e5 b5 9. Qb3 Nfd7 10. Be3 c5 11. e6 c4 12. exf7+ Rxf7 13. Qd1 0-1